| 000 | 00643nam a22002057a 4500 | ||
|---|---|---|---|
| 003 | 0 | ||
| 005 | 20231023132801.0 | ||
| 008 | 231023b xxu||||| |||| 00| 0 eng d | ||
| 020 | _a978-1-265-11770-2 | ||
| 050 |
_aHF 5686 _b.L36 2023 |
||
| 100 | _aLanen, William N. | ||
| 245 |
_aFundamentals of cost accounting _cWilliam N. Lanen |
||
| 250 | _aSeventh edition | ||
| 260 |
_aNew York _bMcGraw Hill, LLC _cc2023. |
||
| 300 |
_axxvi, 920 pages : _bcolored illustrations ; _c28 cm. |
||
| 500 | _aCost accounting. | ||
| 504 | _aIncludes bibliographical references, glossary, and index. | ||
| 650 | _aCost accounting. | ||
| 942 |
_2lcc _cBK |
||
| 999 |
_c365546 _d365546 |
||